Character is destiny : the autobiography of Alice Salomon /

Bibliographic Details
Main Author: Salomon, Alice, 1872-1948
Other Authors: Lees, Andrew, 1940-
Format: eBook
Language:English
Published: Ann Arbor : University of Michigan Press, [2004]
Subjects:
Online Access:Connect to the full text of this electronic book

MARC

Tag First Indicator Second Indicator Subfields
LEADER 00000cam a22000004a 4500
001 in00003391237
006 m d
007 cr |||||||nn|n
008 030709s2004 miu o d eng d
005 20260608205712.5
010 |z  2003015479 
020 |a 9780472025107 
020 |a 0472025104 
020 |z 0472113674 (acid-free) 
020 |z 9780472113675 
035 |a (MdBmJHUP)muse9780472025107 
040 |a MdBmJHUP  |c MdBmJHUP  |d UtOrBLW 
043 |a e-gx---  |a n-us--- 
050 0 0 |a HV40.32.S35  |b A3 2004 
082 0 0 |a 361.3/092  |a B  |2 22 
100 1 |a Salomon, Alice,  |d 1872-1948. 
245 1 0 |a Character is destiny :  |b the autobiography of Alice Salomon /  |c edited by Andrew Lees. 
264 1 |a Ann Arbor :  |b University of Michigan Press,  |c [2004] 
264 4 |c ©2004 
300 |a 1 online resource (x, 264 pages :) :  |b illustrations 
336 |a text  |b txt  |2 rdacontent 
337 |a computer  |b c  |2 rdamedia 
338 |a online resource  |b cr  |2 rdacarrier 
504 |a Includes bibliographical references (pages 249-264). 
588 |a Description based on print version record. 
500 |a Electronic resource. 
600 1 0 |a Salomon, Alice,  |d 1872-1948. 
650 0 |a Women social workers  |z United States  |v Biography. 
650 0 |a Women social workers  |z Germany  |v Biography. 
655 7 |a Electronic books.  |2 local 
700 1 |a Lees, Andrew,  |d 1940- 
856 4 0 |u http://proxy.library.tamu.edu/login?url=https://muse.jhu.edu/books/9780472025107/  |z Connect to the full text of this electronic book  |t 0 
999 |a MARS 
999 f f |s 04353004-86f5-33bb-b63b-310096febb49  |i 59550c83-e903-3268-8a68-08cb1bce5c87  |t 0 
952 f f |a Texas A&M University  |b College Station  |c Electronic Resources  |s www_evans  |d Available Online  |t 0  |e HV40.32.S35 A3 2004  |h Library of Congress classification 
998 f f |a HV40.32.S35 A3 2004  |t 0  |l Available Online